|
|
|
|
| LEADER |
04315nam a22003613i 4500 |
| 001 |
EBC7014922 |
| 003 |
MiAaPQ |
| 005 |
20231204023225.0 |
| 006 |
m o d | |
| 007 |
cr cnu|||||||| |
| 008 |
231204s2020 xx o ||||0 eng d |
| 020 |
|
|
|a 9783110679977
|q (electronic bk.)
|
| 035 |
|
|
|a (MiAaPQ)EBC7014922
|
| 035 |
|
|
|a (Au-PeEL)EBL7014922
|
| 035 |
|
|
|a (OCoLC)1330935913
|
| 040 |
|
|
|a MiAaPQ
|b eng
|e rda
|e pn
|c MiAaPQ
|d MiAaPQ
|
| 100 |
1 |
|
|a Maputra, Yantri.
|
| 245 |
1 |
0 |
|a International Conference on Psychology, Education and Mental Health :
|b Education Innovation and Mental Health in Industrial Era 4. 0.
|
| 250 |
|
|
|a 1st ed.
|
| 264 |
|
1 |
|a Warschau/Berlin :
|b Walter de Gruyter GmbH,
|c 2020.
|
| 264 |
|
4 |
|c Ã2019.
|
| 300 |
|
|
|a 1 online resource (242 pages)
|
| 336 |
|
|
|a text
|b txt
|2 rdacontent
|
| 337 |
|
|
|a computer
|b c
|2 rdamedia
|
| 338 |
|
|
|a online resource
|b cr
|2 rdacarrier
|
| 505 |
0 |
|
|a Intro -- Preface -- Table of Content -- Mapping of Psychological Problems in Women Prisoners -- Using Shaping Technique and Prompting to Increase Duration of On-Task Behavior in a Child with Autism Spectrum Disorder (ASD) -- The Role of Psychological Capital on Job Stress of Nurses -- Being a Parent: A Study Among the Mothers of Juvenile Sexual Offender -- The Impact of Work Engagement to Individual Performance Among Team Member Programme AIESEC Andalas University -- Parental Mediation and Excessive Internet Use Behaviour in Teenagers -- Implementation of Competitive Memory Training (COMET) Module to Improve Self- Esteem in Adolescences Victims of Relational Bullying -- What Makes Orphan Happy? A Study in Padang City Orphanage -- Video Tutorial Learning (VTL) to Improve Students' Motivation in Microteaching Activities -- Game is Fame! Negotiating Interests in Halal Knowledge via Halal@School Program by IHRAM: An Action Research on HalalRace -- Assessing 6C's Pedagogy Deep Learning Attributes Using Exploratory Factor Analysis Among School Teachers in Malaysia -- Expert System Model of Forward and Backward Chaining Methods to Detect Student Academic Stress Level -- The Influence of Family in Adolescent's Halal Cosmetic Buying Behavior -- Improving Guiding Ability of Senior Students of PAUD Department to Anticipate the Possibility of Child Abuses Through Classical Guidance -- Meta-Behavioral Skills and Decision-Making Skills among Undeliquent Students -- Adversity Quotient, Expression of Emotion, and Family Functioning in Schizophrenia Caregiver -- The Correlation of Assertive Behavior and Online Gaming Addiction with Cyberbullying Behavior at Social Media in Adolescents in Padang City -- Millennials: Can gratitude help them overcome mental health problems?.
|
| 505 |
8 |
|
|a Impacts of Contextual Teaching and Learning towards Student's Social Network (Study on Faculty of Psychology Students of University X) -- The Effectiveness Realistic Mathematics Education Using Recitation Methods and Token Economy to Increase Student Mathematical Literacy -- The Development of Expressive Writing Module to Improve Post-Traumatic Growth in Disaster Victims -- Adolescence Opinions Regarding Nationalism in Jakarta -- Children's Literacy Development: The Critical Role of Language -- The Effectiveness of Expressive Writing to Improve Post-Traumatic Growth for Earthquake Victims in Lombok, West Nusa Tenggara -- Counselors Performance Assessment In SMPN 49 Jakarta Timur -- Web Application Based on Analytic Approach to Assessing Workplace Bullying Behaviours -- Via DREEM, Dream of Medical Students Come True -- Conducting Values Based Research in the Field of Leadership Based on the Naqli and Aqli Perspectives -- The Construct Validity of the Teacher's Emotion Regulation Scale.
|
| 588 |
|
|
|a Description based on publisher supplied metadata and other sources.
|
| 590 |
|
|
|a Electronic reproduction. Ann Arbor, Michigan : ProQuest Ebook Central, 2023. Available via World Wide Web. Access may be limited to ProQuest Ebook Central affiliated libraries.
|
| 655 |
|
4 |
|a Electronic books.
|
| 776 |
0 |
8 |
|i Print version:
|a Maputra, Yantri
|t International Conference on Psychology, Education and Mental Health
|d Warschau/Berlin : Walter de Gruyter GmbH,c2020
|
| 797 |
2 |
|
|a ProQuest (Firm)
|
| 856 |
4 |
0 |
|u https://ebookcentral.proquest.com/lib/matrademy/detail.action?docID=7014922
|z Click to View
|